Lanean...

Cinema-Kanakkum kavithayum

Xehetasun bibliografikoak
Egile nagusia: Sreekumaran Thampi
Argitaratua: NBS
LEADER 00190 a2200097 4500
020
260 |b NBS 
942 |c BK  |6 _ 
245 |a Cinema-Kanakkum kavithayum 
100 |a Sreekumaran Thampi 
999 |c 62119  |d 62119